Statistics for HJUdall's Chinese Car Brand Mega Quiz

Click here to take the quiz!

General Stats

  • This quiz has been taken 36 times
    (26 since last reset)
  • The average score is 34 of 234

Answer Stats

HintAnswer% Correct
Geely
84%
BYD
68%
SAIC-GM WulingWuling
63%
Changan
58%
Dongfeng
58%
GAC
58%
Great Wall
53%
NIO
53%
BAIC
47%
Chery
47%
FAW
47%
JAC
47%
Originally BritishMG
47%
XPeng
47%
SAIC-GM WulingBaojun
42%
Brilliance
42%
GAC Trumpchi
42%
Hongqi
42%
Landwind
42%
LYNK & Co
42%
Roewe
42%
Haval
37%
Lifan
37%
Beijing
32%
Foton
32%
GAC NE (Aion)
32%
JMC
32%
Technically TaiwaneseLuxgen
32%
Qoros
32%
Zotye
32%
Originally GermanBorgward
26%
Wey
26%
Aiways
21%
ArcFox
21%
Changfeng
21%
Changhe
21%
Changhe-Suzuki
21%
GAC-HondaEverus
21%
Foday
21%
Hafei
21%
Haima
21%
Higer
21%
HiPhi
21%
FAW-VolkswagenJetta
21%
Jinbei
21%
Karry
21%
King Long
21%
Originally BritishLDV
21%
Maple
21%
Maxus
21%
ORA
21%
Shanghai Maple
21%
Soueast
21%
Dongfeng-NissanVenucia
21%
Bestune
16%
Byton
16%
Dayun
16%
BYD-MercedesDenza
16%
Emgrand
16%
Englon
16%
Enranger
16%
GAC Gonow
16%
Hanteng
16%
Hozon
16%
Huanghai
16%
GAC-NIOHycan
16%
Jetour
16%
Jonway
16%
Kaicene
16%
Leopaard
16%
Oshan
16%
Seres (SF)
16%
Shuanghuan
16%
VGV
16%
Weltmeister (WM)
16%
Xiali
16%
Technically TaiwaneseXING Mobility
16%
Baolong
11%
Besturn
11%
Bisu
11%
Dongfeng-HondaCiimo
11%
Technically TaiwaneseCMC
11%
Cowin
11%
DFAC
11%
DFSK
11%
Enovate
11%
Europestar
11%
Exeed
11%
FAC
11%
Fukang
11%
Fuqi
11%
Geometry
11%
Gleagle
11%
Golden Dragon
11%
Hawtai
11%
Dongfeng-KiaHorki
11%
Huansu (Hyosow)
11%
Huasong
11%
JMCGL
11%
JMEV
11%
Joylong
11%
Kandi
11%
Kawei
11%
Keyton
11%
Leading Ideal
11%
GAC-ToyotaLeahead
11%
LeapMotor
11%
Levdeo
11%
NETA
11%
Pao
11%
Polarsun
11%
Qiantu
11%
FAW-ToyotaRanz
11%
Rely
11%
Riich
11%
Senova
11%
Shineray
11%
Singulato
11%
Sitech
11%
Skywell
11%
JAC-VolkswagenSOL
11%
Soyat
11%
Suzhou Eagle
11%
SWM
11%
Technically TaiwaneseTobe
11%
Vantas
11%
Wanfeng
11%
Weiwang
11%
Xinkai
11%
Yema
11%
Yudo
11%
Yusheng
11%
Zedriv
11%
Zhi Dou
11%
Zhongxin
11%
Brilliance-BMWZinoro
11%
ZX
11%
Anchi
5%
Aoxin
5%
AsiaStar
5%
BAW
5%
BJEV
5%
Boloda
5%
Bordrin
5%
Byvin
5%
CDW
5%
Chana
5%
Changjiang
5%
Chenggong
5%
CHJ
5%
CHTC
5%
Ciwei
5%
Core Power
5%
Dadi
5%
Dahe
5%
Dayang
5%
DearCC
5%
DialEV
5%
Dianchè
5%
Doda
5%
Dojo
5%
Domy
5%
Dorcen
5%
DW Hower
5%
Eli Electric
5%
Euro Land
5%
EVCARD
5%
Fulu
5%
Gratour
5%
Green Field
5%
Technically Hong KongeseGreenTech
5%
GreenWheel
5%
Grove
5%
Gyon
5%
Hanergy
5%
Hanlong
5%
Henrey
5%
Hongri
5%
Human Horizons
5%
Technically Hong KongeseHybrid Kinetic Group
5%
Iconiq
5%
JDMC
5%
Jincheng
5%
Jinpeng
5%
Junfeng
5%
Kaiyun
5%
Kama
5%
KYC
5%
Lansel
5%
Lark Auto
5%
LeEco
5%
Lemst Motors
5%
Lichi
5%
Linktour
5%
LMG
5%
LvChi
5%
Min An
5%
Mingjun
5%
Chinese/SwedishNEVS
5%
Projen
5%
Qianmai
5%
Qingling
5%
QXEV
5%
QYEV
5%
Rayttle
5%
RedSpace
5%
Red Star
5%
Reech
5%
Sendok
5%
Shacman
5%
Shifeng
5%
Shouwang
5%
Sinogold
5%
Sojen
5%
Sokon
5%
Technically TaiwaneseSYM
5%
Techrules
5%
Technically TaiwaneseThunder Power
5%
Tianma
5%
Tongjia
5%
Traum
5%
Tying EV
5%
Wanren
5%
Wheego
5%
Yangtse
5%
Yogomo
5%
Youxia
5%
YTO
5%
Yudea
5%
Yulu
5%
Dongfeng-NissanZNA
5%
Zuojun
5%
Arrizo
0%
T-King
0%

Score Distribution

Percentile by Number Answered

Percent of People with Each Score

Your Score History

You have not taken this quiz since the last reset